Tilastot visalle Mitä yhteistä on näillä asioilla? #1

Klikkaa tästä pelataksesi tätä visaa!

Yleistilastot

  • Tätä visaa on pelattu 43 kertaa
    (19 viimeisimmän päivityksen jälkeen)
  • Keskiarvotulos 6 / 8

Vastaustilastot

Vastaus% Oikein
Alkavat B-kirjaimella
100%
Haisevat pahalta
100%
Liittyvät jouluun
100%
Juha-nimisiä
80%
Löytyvät IKEA:sta
73%
Vaikea rikkoa
67%
Pelikorttien maat
60%
Liittyvät vauvan elämään
40%

Tulosjakauma

Persentiili vastausten määrän mukaan

Jokaisen tuloksen saaneiden osuus

Tuloshistoriasi

Et ole pelannut tätä visaa sen viimeisimmän päivityksen jälkeen